| 000 | 00439nam a2200157Ia 4500 | ||
|---|---|---|---|
| 008 | 240729s9999 xx 000 0 und d | ||
| 022 | _a1548-7660 | ||
| 245 | 0 | _aJournal of Statistical Software | |
| 260 | _aUnited States | ||
| 260 | _bFoundation for Open Access Statistics | ||
| 650 | _a Statistics | ||
| 650 | _aSocial Sciences | ||
| 856 | _uhttps://doaj.org/toc/f3e8ea061b3c4bd39440b6104a2853d0 | ||
| 942 | _2ddc | ||
| 942 | _cDOAJEJ | ||
| 999 |
_c68066 _d68066 |
||
| 945 |
_a1 _bMadushi Gamage _c1 _dMadushi Gamage |
||